Montgomery's Auditing.

Bibliographic Details
Main Author: Montgomery, Robert Hiester, 1872-1953
Other Authors: Defliese, Philip L.
Format: Book
Language:English
Published: New York : Wiley, [1984]
Edition:10th ed., College version /
Subjects:

MARC

Tag First Indicator Second Indicator Subfields
LEADER 00000pam a2200000 a 4500
001 in00000538621
005 20151013171748.0
008 840327s1984 nyua 00110 eng
010 |a  84005289  
020 |a 0471077569 :  |c $29.95 
035 |a (OCoLC)10696578 
035 |9 ACH2364AM 
039 0 |a 2  |b 3  |c 3  |d 3  |e 3 
040 |a DLC  |c DLC  |d TXA  |d UtOrBLW 
049 |a TXAM 
050 0 0 |a HF5667  |b .M7 1984 
082 0 |a 657/.45  |2 19 
100 1 |a Montgomery, Robert Hiester,  |d 1872-1953. 
240 1 0 |a Auditing 
245 1 0 |a Montgomery's Auditing. 
250 |a 10th ed., College version /  |b Philip L. Defliese [and others]. 
264 1 |a New York :  |b Wiley,  |c [1984] 
264 4 |c ©1984 
300 |a xxxi, 1156 pages, 23 pages :  |b illustrations ;  |c 24 cm. 
336 |a text  |b txt  |2 rdacontent 
337 |a unmediated  |b n  |2 rdamedia 
338 |a volume  |b nc  |2 rdacarrier 
500 |a Includes index. 
650 0 |a Auditing. 
700 1 |a Defliese, Philip L. 
740 0 |a Auditing. 
999 |a MARS 
999 f f |s b9c0f699-1491-350f-939a-cb640667a059  |i ce59eb7f-15eb-36fd-b0f2-6e5c6bc7efd4  |t 0 
952 f f |p ric  |a Texas A&M University  |b Rellis Campus  |c Joint Library Facility  |d Remote Storage  |t 0  |e HF5667 .M7 1984  |h Library of Congress classification  |i unmediated -- volume  |m A14808774854 
998 f f |a HF5667 .M7 1984  |t 0  |l Remote Storage